| 000 | 01361nam0a22002891 4500 | ||
|---|---|---|---|
| 001 | rc\4193585 | ||
| 005 | 20130415194003.4 | ||
| 021 |
_aRU _b[49-41997] |
||
| 035 | _a(NLR Aleph) 008198776 | ||
| 090 |
_a8023263 _c8023263 |
||
| 100 | _a20130415d1949 |||y0rusy50 ca | ||
| 101 | 0 | _arus | |
| 102 | _aRU | ||
| 105 | _aa z ||||| | ||
| 200 | 1 |
_aРабота узкоколейных лесовозных паровозов зимою _f[Предисл. д-ра техн. наук проф. Е.Г. Кестнер, с. 3-4] _gМ-во лесной и бумажной пром-сти СССР. Центр. науч.-исслед. ин-т механизации и энергетики лесозаготовок "ЦНИИМЭ" |
|
| 210 |
_aМосква _aЛенинград _cизд-во и тип. Гослесбумиздата в Л. _d1949 |
||
| 215 |
_a83 с. _cил. _d21 |
||
| 300 | _aПеред загл. авт.: В.А. Трубецкой | ||
| 320 | _aБиблиогр.: с. 80 | ||
| 606 |
_aПаровозы узкоколейных железных дорог _xЭксплуатация зимняя _2psbo |
||
| 700 | 1 |
_aТрубецкой _bВ. А. _gВладимир Алексеевич |
|
| 702 | 1 |
_aКестнер _bЕ. Г. _4212 |
|
| 801 | 0 |
_aRU _bNLR _gpsbo |
|
| 801 | 1 |
_aRU _bELAR _2rusmarc |
|
| 852 |
_aNLR _jС60 Г-4/413 |
||
| 942 | _cBOOK | ||
| 980 | _aNB | ||